[Event "45th Rilton Cup 2015-16"]
[Site "Stockholm SWE"]
[Date "2015.12.27"]
[Round "1.24"]
[White "Glimbrant, Torbjorn"]
[Black "Johansson, Linus"]
[Result "0-1"]
[BlackTitle "IM"]
[WhiteElo "2192"]
[BlackElo "2423"]
[WhiteFideId "1700995"]
[BlackFideId "1711113"]
[EventDate "2015.12.27"]

1. d4 Nf6 2. c4 e6 3. Nf3 c5 4. e3 d5 5. Nc3 Nc6 6. a3 cxd4 7. exd4 Be7 8. Bd3
dxc4 9. Bxc4 O-O 10. O-O a6 11. Qd3 b5 12. Ba2 Bb7 13. Rd1 Rc8 14. Bg5 Na5 15.
Ne5 Nd5 16. Bxd5 Bxg5 17. Bxb7 Nxb7 18. a4 b4 19. Ne4 a5 20. Qb5 Rc7 21. Nc6 Qd5
22. Nxg5 Qxc6 23. Qd3 Qc2 24. d5 Qxd3 25. Rxd3 Rd8 26. g3 h6 27. Nf3 Nc5 28.
Rdd1 Rcd7 29. Ne5 Rxd5 30. Rxd5 Rxd5 31. Nc6 Rd2 32. Nxa5 Rxb2 33. Nc4 Rc2 34.
Ne3 Rc3 35. a5 Na6 36. Kg2 Kf8 37. Rd1 Ke7 38. h4 Rc5 39. Ra1 Kd7 40. Kf3 Kc6
41. g4 Kb5 42. Ke4 Rc7 43. g5 hxg5 44. hxg5 b3 45. f4 Nc5+ 46. Ke5 Nd3+ 47. Kd6
b2 0-1

[Event "45th Rilton Cup 2015-16"]
[Site "Stockholm SWE"]
[Date "2015.12.27"]
[Round "1.25"]
[White "Kolosowski, Mateusz"]
[Black "Thompson, Ian D"]
[Result "1-0"]
[WhiteTitle "IM"]
[BlackTitle "FM"]
[WhiteElo "2423"]
[BlackElo "2187"]
[WhiteFideId "1129708"]
[BlackFideId "405205"]
[EventDate "2015.12.27"]

1. d4 d5 2. c4 c6 3. Nf3 Nf6 4. Nc3 e6 5. Bg5 h6 6. Bh4 dxc4 7. e4 g5 8. Bg3 b5
9. Be2 Bb7 10. Ne5 Nbd7 11. Qc2 h5 12. h4 g4 13. O-O Be7 14. Rad1 Qb6 15. Kh1
Nxe5 16. Bxe5 Rg8 17. b3 cxb3 18. Qxb3 Nd7 19. Bg3 a6 20. d5 cxd5 21. exd5 Nc5
22. Qc2 Rg6 23. dxe6 Nxe6 24. Nd5 Qc6 25. Qb2 Rd8 26. Qh8+ Bf8 27. Ne3 Rh6 28.
Rxd8+ Nxd8 29. Qb2 Re6 30. Rc1 Qe4 31. Rd1 Nc6 32. Qd2 Bc8 33. Bd3 Qb4 34. Qc1
Qc5 35. Bf5 Rxe3 36. Bxc8 Rc3 37. Qd2 Nd4 38. Bxa6 Bg7 39. Qf4 f5 40. Qg5 Kf8
41. Re1 Nc6 42. Qg6 1-0

[Event "45th Rilton Cup 2015-16"]
[Site "Stockholm SWE"]
[Date "2015.12.27"]
[Round "1.26"]
[White "Wiander, Michael"]
[Black "Akesson, Ralf"]
[Result "0-1"]
[WhiteTitle "CM"]
[BlackTitle "GM"]
[WhiteElo "2187"]
[BlackElo "2421"]
[WhiteFideId "1702580"]
[BlackFideId "1700120"]
[EventDate "2015.12.27"]

1. f4 Nf6 2. Nf3 g6 3. e3 Bg7 4. Be2 O-O 5. O-O c5 6. d3 d5 7. Qe1 Nc6 8. Qh4 b6
9. a4 Bb7 10. g4 e6 11. Nbd2 Ne8 12. Qh3 Nd6 13. c3 e5 14. f5 e4 15. Ne1 Qg5 16.
f6 Bh8 17. d4 Rad8 18. a5 Bc8 19. Qg3 Bxf6 20. Ng2 Bg7 21. Nf4 Ne8 22. axb6 axb6
23. Ra8 Nc7 24. Ra1 Ne6 25. h4 Qe7 26. Kg2 Bb7 27. b3 Nxf4+ 28. Qxf4 Qxh4 29.
Rh1 Qe7 30. g5 f5 31. Bb2 Rf7 32. Rh4 h6 33. Rxh6 Bxh6 34. gxh6 cxd4 35. Qg3 Qd6
36. Qg5 dxe3 37. Nc4 Qf6 38. h7+ Kxh7 39. Rh1+ Kg8 0-1

[Event "45th Rilton Cup 2015-16"]
[Site "Stockholm SWE"]
[Date "2015.12.27"]
[Round "1.27"]
[White "Lindgren, Philip"]
[Black "Ask, Josef"]
[Result "1-0"]
[WhiteTitle "FM"]
[WhiteElo "2418"]
[BlackElo "2180"]
[WhiteFideId "1713230"]
[BlackFideId "1704583"]
[EventDate "2015.12.27"]

1. d4 Nf6 2. c4 g6 3. Nc3 Bg7 4. Nf3 d6 5. Bg5 h6 6. Bh4 O-O 7. e3 c5 8. d5 Bf5
9. Bd3 Bxd3 10. Qxd3 g5 11. Bg3 Nh5 12. e4 Nd7 13. O-O Nxg3 14. fxg3 a6 15. h4
Ne5 16. Qe2 Nxf3+ 17. Qxf3 Bd4+ 18. Kh1 Kg7 19. Qg4 Bxc3 20. bxc3 f6 21. Rf5 Qe8
22. a4 Rb8 23. Kh2 Rc8 24. Rf2 Rc7 25. Rb2 Qg6 26. Rab1 f5 27. exf5 Qxf5 28.
Qxf5 Rxf5 29. Rxb7 Rxb7 30. Rxb7 Kf6 31. Ra7 Rf1 32. Rxa6 Rc1 33. Ra8 Rxc3 34.
Rf8+ Kg7 35. Rf3 Rxc4 36. Ra3 Rb4 37. a5 Rb7 38. a6 Ra7 39. Kh3 Kf6 40. Kg4 Ke5
41. Kh5 gxh4 42. gxh4 c4 43. g4 Kd4 44. Kxh6 c3 45. Ra2 Kc4 46. g5 Kb3 47. Re2
Rxa6 48. g6 Ra4 49. h5 c2 50. Rxc2 Kxc2 51. g7 Rg4 52. Kh7 1-0

[Event "45th Rilton Cup 2015-16"]
[Site "Stockholm SWE"]
[Date "2015.12.27"]
[Round "1.29"]
[White "Krupenski, Juri"]
[Black "Hakimifard, Ghazal"]
[Result "1/2-1/2"]
[WhiteTitle "FM"]
[BlackTitle "WIM"]
[WhiteElo "2406"]
[BlackElo "2169"]
[WhiteFideId "4501101"]
[BlackFideId "12506540"]
[EventDate "2015.12.27"]

1. Nf3 Nf6 2. c4 b6 3. d4 e6 4. e3 Bb7 5. Bd3 Bb4+ 6. Nbd2 O-O 7. O-O d5 8. b3
Be7 9. Bb2 c5 10. Qe2 cxd4 11. exd4 Nc6 12. Rac1 Rc8 13. Rfe1 Qd6 14. a3 dxc4
15. bxc4 Rfd8 16. Bb1 Qf4 17. Qe3 Qxe3 18. fxe3 Na5 19. e4 Ba6 20. Bd3 Rc7 21.
Rc2 Rdc8 22. e5 Nh5 23. Rec1 Nf4 24. Bf1 Nd5 25. Kf2 Bb5 26. Ne1 Ba4 27. cxd5
Rxc2 28. Nxc2 Rxc2 29. Rxc2 Bxc2 30. d6 Bd8 31. Bc3 Nb3 32. Nc4 Be4 33. g3 b5
34. Nd2 Nxd2 35. Bxd2 a6 36. Bb4 f5 37. Bg2 Bxg2 38. Kxg2 Kf7 39. d7 g5 40. h4
h6 41. Kf3 Bb6 42. hxg5 hxg5 43. g4 f4 44. Ke4 Bd8 45. d5 f3 46. Bc5 f2 47. Bxf2
Ke7 48. dxe6 Kxe6 49. Be3 a5 50. Bd2 Kxd7 51. Kd5 Be7 52. Bc1 b4 53. a4 Kc7 54.
Ke6 Kd8 55. Bd2 Ke8 56. Bc1 Kd8 57. Bb2 Ke8 58. Bd4 b3 59. Bb2 Bb4 60. Kf5 Bd2
61. Ke6 Bf4 1/2-1/2

[Event "45th Rilton Cup 2015-16"]
[Site "Stockholm SWE"]
[Date "2015.12.27"]
[Round "1.30"]
[White "Martinsen, Stig K"]
[Black "Sjodahl, Pontus"]
[Result "0-1"]
[BlackTitle "IM"]
[WhiteElo "2162"]
[BlackElo "2404"]
[WhiteFideId "1502824"]
[BlackFideId "1700537"]
[EventDate "2015.12.27"]

1. Nf3 d5 2. c4 e6 3. g3 dxc4 4. Qa4+ Nd7 5. Qxc4 a6 6. Bg2 b5 7. Qc2 Bb7 8. b3
Ngf6 9. O-O c5 10. Bb2 Rc8 11. d3 Be7 12. Nbd2 O-O 13. Rac1 Nd5 14. Qb1 Bf6 15.
Ne4 Bxb2 16. Qxb2 Qe7 17. Ne5 Rfd8 18. Nxd7 Rxd7 19. a3 Nb6 20. Rc2 Bxe4 21.
Bxe4 Qd6 22. Rfc1 Rdc7 23. Qc3 Nd5 24. Qb2 h6 25. Bf3 a5 26. e3 Nb6 27. Be2 b4
28. axb4 cxb4 29. d4 Nd5 30. Rxc7 Rxc7 31. Ra1 Ra7 32. Bc4 Nc3 33. Qc2 Qc6 34.
Qd3 a4 35. bxa4 Rxa4 36. Rxa4 Qxa4 37. Kg2 Qa8+ 38. f3 Qa3 39. e4 Qc1 40. d5
exd5 41. exd5 Qb2+ 42. Kh3 Qb1 43. Qe3 Nxd5 44. Qe8+ Kh7 45. Qxf7 Nf6 46. Qe6 h5
47. Qe5 Kg6 48. Qd4 Qf5+ 49. g4 Qxf3+ 0-1

[Event "45th Rilton Cup 2015-16"]
[Site "Stockholm SWE"]
[Date "2015.12.27"]
[Round "1.31"]
[White "Hagen, Andreas Skytte"]
[Black "Jonsson, Emil"]
[Result "1-0"]
[WhiteTitle "IM"]
[WhiteElo "2395"]
[BlackElo "2156"]
[WhiteFideId "1407341"]
[BlackFideId "1712268"]
[EventDate "2015.12.27"]

1. d4 Nf6 2. c4 e5 3. dxe5 Ng4 4. Bf4 Bb4+ 5. Nd2 Nc6 6. Nf3 Qe7 7. e3 Ngxe5 8.
Nxe5 Nxe5 9. Be2 O-O 10. O-O Ng6 11. Bg3 Bd6 12. Bxd6 Qxd6 13. Rc1 b6 14. Ne4
Qxd1 15. Rfxd1 d6 16. Nc3 a6 17. f4 Re8 18. Bf3 Ra7 19. Kf2 Ne7 20. g4 f5 21. h3
Bb7 22. Bd5+ Bxd5 23. cxd5 Kf7 24. gxf5 Nxf5 25. e4 Nh6 26. Kf3 Kf6 27. Ne2 Nf7
28. Nd4 g5 29. f5 Ne5+ 30. Ke3 b5 31. b3 g4 32. Ne6 gxh3 33. Rh1 h2 34. Rc2 Rg8
35. Rcxh2 Ng4+ 36. Kf4 Nxh2 37. Rxh2 Rh8 38. Rh6+ Kf7 39. f6 c5 40. Nxc5 Rc7 41.
Ne6 Rc1 42. Ng5+ Ke8 43. Kf5 Rg1 44. f7+ Ke7 45. Re6+ Kd7 46. Kf6 Rf1+ 47. Kg7
Rc8 48. Nxh7 Rg1+ 49. Rg6 1-0

[Event "45th Rilton Cup 2015-16"]
[Site "Stockholm SWE"]
[Date "2015.12.27"]
[Round "1.32"]
[White "Thorn, Eric"]
[Black "Wallace, John Paul"]
[Result "0-1"]
[BlackTitle "IM"]
[WhiteElo "2140"]
[BlackElo "2383"]
[WhiteFideId "1710729"]
[BlackFideId "3200957"]
[EventDate "2015.12.27"]

1. d4 Nf6 2. c4 g6 3. Nc3 Bg7 4. e4 d6 5. Nf3 O-O 6. Be2 Na6 7. O-O e5 8. Be3 c6
9. Qc2 Ng4 10. Bg5 Qe8 11. dxe5 dxe5 12. h3 Nf6 13. Rad1 Nd7 14. Rfe1 Nac5 15.
b4 Ne6 16. Be3 f5 17. c5 f4 18. Bc1 Nd4 19. Bc4+ Kh8 20. Qd3 a5 21. a3 axb4 22.
axb4 b6 23. cxb6 Nxb6 24. Nxd4 exd4 25. Ne2 Ra4 26. Bd2 Qe5 27. Bb3 f3 28. Bxa4
Nxa4 29. gxf3 Nb2 30. Qb1 Nxd1 31. Qxd1 Rxf3 32. Kg2 Bxh3+ 33. Kh1 Bg4 34. Ng1
Rxf2 35. Qxg4 Qh2# 0-1

[Event "45th Rilton Cup 2015-16"]
[Site "Stockholm SWE"]
[Date "2015.12.27"]
[Round "1.33"]
[White "Nilsen, Joachim Birger"]
[Black "Dahl, Trygve"]
[Result "0-1"]
[WhiteTitle "FM"]
[WhiteElo "2382"]
[BlackElo "2139"]
[WhiteFideId "1506331"]
[BlackFideId "1513427"]
[EventDate "2015.12.27"]

1. c4 f5 2. g3 Nf6 3. Bg2 d6 4. Nc3 e5 5. d3 Be7 6. e4 Nc6 7. Nge2 O-O 8. O-O
Qe8 9. f3 Qh5 10. Nd5 Bd8 11. Bd2 fxe4 12. dxe4 Be6 13. Be3 Nd7 14. Qd2 Ne7 15.
b3 c6 16. Ndc3 Bc7 17. Rad1 Rad8 18. Qc1 Nf6 19. Qa3 a6 20. Rd2 Rd7 21. Na4 c5
22. Nac3 Nc6 23. Nd5 Ba5 24. Rdd1 Bxd5 25. exd5 Bb4 26. Qa4 Nxd5 27. cxd5 Nb8
28. a3 b5 29. axb4 bxa4 30. bxc5 dxc5 31. bxa4 a5 32. Nc3 Na6 33. h4 Qg6 34. Ne4
Rfd8 35. Bg5 h6 36. Bxd8 Rxd8 37. d6 Nb4 38. Rd2 Nc6 39. Rc1 Nd4 40. Rb2 Qf7 41.
Rxc5 Nxf3+ 42. Kh1 Ne1 43. Rf2 Qg6 44. Rxe5 Nd3 45. Rff5 Nxe5 46. Rxe5 Rxd6 47.
Nxd6 Qxd6 48. Re3 Qd1+ 49. Kh2 Qxa4 50. Bd5+ Kf8 51. h5 Qc2+ 52. Bg2 a4 53. Kh3
Qb2 54. Bd5 a3 55. Rf3+ Ke7 56. Bb3 Kd6 57. Bf7 a2 58. Bxa2 Qxa2 59. Rf4 Qa1 60.
Kh4 Ke5 61. Kg4 Qd1+ 62. Kh4 Qd8+ 63. Kh3 Qg5 64. Rh4 Kf5 65. Rf4+ Qxf4 66. gxf4
Kxf4 67. Kh4 Kf5 0-1

[Event "45th Rilton Cup 2015-16"]
[Site "Stockholm SWE"]
[Date "2015.12.27"]
[Round "1.35"]
[White "Martynov, Pavel2"]
[Black "Kharmunova, Nadezhda"]
[Result "1-0"]
[WhiteTitle "FM"]
[BlackTitle "WIM"]
[WhiteElo "2380"]
[BlackElo "2132"]
[WhiteFideId "4122186"]
[BlackFideId "4195876"]
[EventDate "2015.12.27"]

1. d4 Nf6 2. Bg5 Ne4 3. Bf4 d5 4. e3 Bf5 5. f3 Nf6 6. g4 Bg6 7. h4 h6 8. Bd3
Bxd3 9. Qxd3 c6 10. Nc3 e6 11. Nge2 Nbd7 12. O-O-O b5 13. Ng3 Nb6 14. g5 Nfd7
15. g6 Qf6 16. h5 Nc4 17. gxf7+ Qxf7 18. Nge2 b4 19. Nb1 e5 20. dxe5 Ndxe5 21.
Bxe5 Nxe5 22. Qa6 Qxf3 23. Nd2 Qxe3 24. Rhe1 Be7 25. Ng1 Qg5 26. Qe2 Nf7 27. Nh3
Qf6 28. Nb3 a5 29. Rd3 Ra7 30. Rf3 Qh4 31. Nf4 O-O 32. Ng6 Bg5+ 33. Kb1 Qxh5 34.
Rxf7 Qxg6 35. Rxa7 Bh4 36. Rf1 Re8 37. Qd3 Qe6 38. a4 bxa3 39. bxa3 Bf6 40. Qg6
Qe5 41. Rxf6 1-0

[Event "45th Rilton Cup 2015-16"]
[Site "Stockholm SWE"]
[Date "2015.12.27"]
[Round "1.36"]
[White "Kassani, Sam"]
[Black "Bellon Lopez, Juan Manuel"]
[Result "0-1"]
[BlackTitle "GM"]
[WhiteElo "2126"]
[BlackElo "2376"]
[WhiteFideId "1709089"]
[BlackFideId "2200031"]
[EventDate "2015.12.27"]

1. Nf3 c5 2. c4 Nc6 3. b3 e5 4. d3 g6 5. Nc3 Bg7 6. Bg5 f6 7. Bd2 Nge7 8. g3 d5
9. cxd5 Nxd5 10. Bg2 Be6 11. Rc1 b6 12. h4 h6 13. Qc2 O-O 14. O-O Rc8 15. Qb1 f5
16. Nxd5 Bxd5 17. Bc3 Re8 18. e3 Qd7 19. Rcd1 a5 20. Qb2 Rcd8 21. Rfe1 Bf7 22.
Qb1 Nb4 23. Bf1 Bd5 24. Nh2 Bb7 25. Bxb4 axb4 26. Bg2 Bxg2 27. Kxg2 Re6 28. Nf3
Rd6 29. h5 e4 30. Nh4 g5 31. Ng6 Bc3 32. d4 cxd4 33. exd4 Bxe1 34. Rxe1 Rxd4 35.
Qb2 Qg7 36. Qc2 Kh7 37. Rc1 Rd2 38. Qc6 e3 39. Qxb6 Rxf2+ 40. Kg1 Rc8 41. Qxe3
Rxc1+ 42. Qxc1 Rxa2 0-1

[Event "45th Rilton Cup 2015-16"]
[Site "Stockholm SWE"]
[Date "2015.12.27"]
[Round "1.37"]
[White "Sagit, Rauan"]
[Black "Jogstad, Martin"]
[Result "1-0"]
[WhiteTitle "FM"]
[WhiteElo "2375"]
[BlackElo "2125"]
[WhiteFideId "1708376"]
[BlackFideId "1715364"]
[EventDate "2015.12.27"]

1. Nf3 d5 2. g3 Nf6 3. Bg2 Bf5 4. O-O e6 5. d3 Be7 6. Nbd2 O-O 7. Qe1 h6 8. e4
Bh7 9. Qe2 c5 10. b3 Nc6 11. Bb2 Rc8 12. Rfd1 Qc7 13. Rac1 Rfd8 14. exd5 exd5
15. Bh3 Ra8 16. Re1 Kf8 17. Ne5 Re8 18. Nxc6 Qxc6 19. Qf3 Rad8 20. Re2 Ng8 21.
Rce1 Bf6 22. Rxe8+ Rxe8 23. Rxe8+ Kxe8 24. Bxf6 Nxf6 25. Qf4 g5 26. Qb8+ Ke7 27.
Qxa7 Qc7 28. Qa3 g4 29. Bg2 b6 30. Nf1 Bf5 31. Qc1 h5 32. Qg5 Be6 33. Ne3 d4 34.
Nf1 Qd6 35. Nd2 Bd5 36. Ne4 Bxe4 37. dxe4 Kf8 38. e5 Nh7 39. Qxh5 Qg6 40. Qxg6
fxg6 41. h3 gxh3 42. Bxh3 Ng5 43. Bg2 Ne6 44. Kf1 g5 45. Ke2 Ke7 46. Kd3 Nc7 47.
f4 gxf4 48. gxf4 Nb5 49. f5 Nc3 50. a4 Nd1 51. f6+ Kf8 52. e6 Ne3 53. e7+ Kf7
54. Bc6 c4+ 55. bxc4 1-0

[Event "45th Rilton Cup 2015-16"]
[Site "Stockholm SWE"]
[Date "2015.12.27"]
[Round "1.38"]
[White "Pantzar, Milton"]
[Black "Martins, David Pires Tavares"]
[Result "0-1"]
[BlackTitle "FM"]
[WhiteElo "2103"]
[BlackElo "2372"]
[WhiteFideId "1721003"]
[BlackFideId "1909991"]
[EventDate "2015.12.27"]

1. d4 d6 2. c4 f5 3. Nf3 Nf6 4. g3 g6 5. Bg2 Bg7 6. O-O O-O 7. Nc3 e6 8. Re1 Ne4
9. Qc2 Nxc3 10. bxc3 e5 11. e4 Nc6 12. Bg5 Bf6 13. Bxf6 Qxf6 14. exf5 Bxf5 15.
Qd2 Rae8 16. Re3 e4 17. Nh4 Na5 18. Bf1 Qf7 19. d5 b6 20. Ng2 Nb7 21. Nf4 Nc5
22. Ne2 Bh3 23. Bxh3 Qxf2+ 24. Kh1 Rf3 25. Rxf3 exf3 26. Rf1 Ne4 27. Rxf2 Nxf2+
28. Kg1 Nxh3+ 29. Kh1 Rxe2 30. Qc1 Rg2 31. Qe1 Nf2+ 0-1

[Event "45th Rilton Cup 2015-16"]
[Site "Stockholm SWE"]
[Date "2015.12.27"]
[Round "1.39"]
[White "Nyysti, Sampsa"]
[Black "Bit-Narva, David"]
[Result "1-0"]
[WhiteTitle "IM"]
[WhiteElo "2370"]
[BlackElo "2096"]
[WhiteFideId "502138"]
[BlackFideId "24128856"]
[EventDate "2015.12.27"]

1. e4 g6 2. d4 Bg7 3. Nc3 d6 4. Be3 a6 5. h4 Nf6 6. f3 Nbd7 7. Qd2 h5 8. Nh3 c5
9. dxc5 dxc5 10. O-O-O Qa5 11. Kb1 b5 12. Ng5 Bb7 13. a3 Qb6 14. Be2 Rb8 15. f4
b4 16. Na4 Qc6 17. e5 Qxa4 18. exf6 Nxf6 19. Bxc5 bxa3 20. Bxe7 axb2 21. Ba3 Nd5
22. Rh3 Nc3+ 23. Rxc3 Bxc3 24. Qxc3 1-0

[Event "45th Rilton Cup 2015-16"]
[Site "Stockholm SWE"]
[Date "2015.12.27"]
[Round "1.40"]
[White "Nilsson, Joakim 2000"]
[Black "Engqvist, Thomas"]
[Result "0-1"]
[BlackTitle "IM"]
[WhiteElo "2091"]
[BlackElo "2358"]
[WhiteFideId "1723383"]
[BlackFideId "1700332"]
[EventDate "2015.12.27"]

1. b3 d5 2. Bb2 c5 3. e3 Nf6 4. Nf3 e6 5. Be2 Nc6 6. O-O Bd6 7. c4 d4 8. exd4
cxd4 9. d3 e5 10. Nbd2 Bf5 11. a3 a5 12. Re1 O-O 13. Nh4 Be6 14. g3 h6 15. Rb1
Nh7 16. Nhf3 f5 17. Bf1 Qf6 18. Bg2 Rae8 19. Qc2 Bc5 20. b4 axb4 21. Ba1 Bd7 22.
Qa4 Ra8 23. Qc2 Rxa3 24. Bb2 Ra2 25. Nb3 b6 26. Nfd2 Qd6 27. Nxc5 bxc5 28. Nb3
Nf6 29. Ra1 Rfa8 30. Rxa2 Rxa2 31. Nc1 Ra8 32. Nb3 Ng4 33. h3 Nf6 34. Qe2 Kf7
35. Bc1 Re8 36. Qa2 Nd8 37. Qa7 Ne6 38. Bd2 Kg6 39. Ra1 e4 40. Ra6 Qb8 41. Qxb8
Rxb8 42. Ra7 exd3 43. Bf1 Bc6 44. Ra6 Nd8 45. Bxd3 Be4 46. Nxc5 Bxd3 47. Nxd3 b3
48. Nb2 Kf7 49. Bf4 Rb7 50. Be5 Ne6 51. Bxf6 Kxf6 52. Ra5 g5 53. Kf1 h5 54. Ke2
h4 55. Rb5 Rxb5 56. cxb5 Ke5 57. Kd3 Kd5 58. b6 Nc5+ 59. Ke2 g4 60. gxh4 gxh3
61. Kf3 f4 62. h5 Kc6 63. h6 Ne6 0-1

[Event "45th Rilton Cup 2015-16"]
[Site "Stockholm SWE"]
[Date "2015.12.27"]
[Round "1.41"]
[White "Hejazipour, Mitra"]
[Black "Norlin, Egor"]
[Result "1-0"]
[WhiteTitle "WGM"]
[WhiteElo "2357"]
[BlackElo "2084"]
[WhiteFideId "12505951"]
[BlackFideId "1713973"]
[EventDate "2015.12.27"]

1. d4 d5 2. c4 c6 3. Nf3 Nf6 4. e3 e6 5. Bd3 dxc4 6. Bxc4 b5 7. Bd3 Bb7 8. e4 a6
9. a4 b4 10. Nbd2 Nbd7 11. e5 Nd5 12. Ne4 c5 13. Bg5 Qa5 14. Nfd2 cxd4 15. Nc4
Qc7 16. Ncd6+ Bxd6 17. Nxd6+ Kf8 18. Rc1 Qb6 19. a5 Qa7 20. Qe2 h6 21. Bd2 g6
22. Bxg6 Nf4 23. Bxf4 fxg6 24. Rc7 1-0

[Event "45th Rilton Cup 2015-16"]
[Site "Stockholm SWE"]
[Date "2015.12.27"]
[Round "1.42"]
[White "Berglind, Axel"]
[Black "Vuilleumier, Alexandre"]
[Result "0-1"]
[BlackTitle "IM"]
[WhiteElo "2023"]
[BlackElo "2342"]
[WhiteFideId "1720228"]
[BlackFideId "1305662"]
[EventDate "2015.12.27"]

1. c4 e5 2. Nc3 Bb4 3. Nd5 Be7 4. d3 Nf6 5. Nxe7 Qxe7 6. Nf3 O-O 7. g3 b6 8. Bg2
Bb7 9. O-O d5 10. cxd5 Bxd5 11. e4 Bb7 12. Nh4 Nc6 13. Nf5 Qe6 14. Be3 Ne7 15.
Nxe7+ Qxe7 16. f4 Rad8 17. fxe5 Qxe5 18. d4 Qe6 19. e5 Bxg2 20. Kxg2 Ng4 21. Bf4
Qd5+ 22. Kh3 h5 23. Rc1 Qxa2 24. Rxc7 Qxb2 25. Qd2 Qb5 26. Re1 Rd7 27. Rc3 Rfd8
28. Qa2 Qd5 29. Qxd5 Rxd5 30. Kh4 Rxd4 31. Kxh5 Nf2 32. Rc7 Nd3 33. Rf1 R8d7 34.
Rc6 Re7 35. Bg5 Re8 36. e6 f6 37. Rc7 Rd5 38. h4 Rxe6 39. Rxa7 fxg5 40. Rff7
gxh4+ 41. Kxh4 Rh6+ 42. Kg4 Ne5+ 0-1

[Event "45th Rilton Cup 2015-16"]
[Site "Stockholm SWE"]
[Date "2015.12.27"]
[Round "1.43"]
[White "Arman, Deniz"]
[Black "Tuomainen, Felix"]
[Result "1-0"]
[WhiteTitle "FM"]
[WhiteElo "2332"]
[BlackElo "2022"]
[WhiteFideId "6302106"]
[BlackFideId "1720813"]
[EventDate "2015.12.27"]

1. e4 c6 2. d4 d5 3. Nc3 dxe4 4. Nxe4 Nd7 5. Bc4 Ngf6 6. Ng5 e6 7. Ne2 Nb6 8.
Bb3 c5 9. c3 Be7 10. O-O O-O 11. Bc2 c4 12. Ng3 Nbd5 13. a4 Qc7 14. f4 b6 15.
Qe2 Bb7 16. f5 h6 17. Nf3 Bd6 18. Ne5 Rfe8 19. Bd2 Bxe5 20. Qxe5 Qxe5 21. dxe5
Nd7 22. Rae1 exf5 23. Nxf5 Rxe5 24. Nd6 Rxe1 25. Rxe1 Bc6 26. Nxc4 Nc5 27. b3
Re8 28. Rxe8+ Bxe8 29. Nd6 Bd7 30. c4 Nc7 31. Nb5 Nxb5 32. axb5 Be6 33. Bf4 Nd7
34. Be4 Nc5 35. Bc2 Nd7 36. Kf2 Kf8 37. Bd6+ Ke8 38. Ke3 Kd8 39. Kd4 Kc8 40. Be4
Nf6 41. Bf3 Nd7 42. Bc6 g6 43. b4 Nf6 44. c5 Bb3 45. Ba8 Ba4 46. Kc4 Bd1 47. c6
Ne8 48. Bb7+ Kd8 49. Bf8 Kc7 50. Kd5 Bb3+ 51. Kd4 Nd6 52. Ba6 f6 53. g4 h5 54.
Be7 f5 55. gxh5 gxh5 56. Bg5 Ne8 57. Ke5 Bc4 58. h4 Bf7 59. Kxf5 Bc4 60. Kg6 Be2
61. Kh6 Bf3 62. Kh7 Bd5 63. Bb7 Bc4 64. Kg6 Bxb5 65. Bf4+ Kd8 66. Kxh5 a5 67.
bxa5 bxa5 68. Bd2 a4 69. Ba5+ Nc7 70. Bb4 Nd5 71. Bd6 Nf6+ 72. Kg6 Ne8 73. Bb4
Nc7 74. h5 Bd3+ 75. Kf7 Bc4+ 76. Kg7 Ne6+ 77. Kf6 Nc7 78. h6 Bd3 79. Ke5 Bc2 80.
Kd6 Ne8+ 81. Kc5 Nc7 82. Ba3 Be4 83. Bc1 Ke8 84. Kb6 Nd5+ 85. Ka7 Bc2 86. Kb8
Kf7 87. Ba6 1-0

[Event "45th Rilton Cup 2015-16"]
[Site "Stockholm SWE"]
[Date "2015.12.27"]
[Round "1.44"]
[White "Risting, Eivind Olav"]
[Black "Grandell, Anders"]
[Result "1/2-1/2"]
[WhiteTitle "FM"]
[BlackTitle "FM"]
[WhiteElo "1985"]
[BlackElo "2330"]
[WhiteFideId "1517333"]
[BlackFideId "1709771"]
[EventDate "2015.12.27"]

1. e4 c5 2. Nf3 g6 3. d4 cxd4 4. Nxd4 Nc6 5. c4 Nf6 6. Nc3 d6 7. Be2 Nxd4 8.
Qxd4 Bg7 9. Be3 O-O 10. Qd1 Qa5 11. O-O a6 12. a3 Be6 13. b4 Qd8 14. Rc1 Rc8 15.
c5 dxc5 16. Bxc5 Nd7 17. Bd4 Bxd4 18. Qxd4 Nb6 19. Qe3 Nc4 20. Bxc4 Rxc4 21.
Rfd1 Qc7 22. Nd5 Bxd5 23. exd5 Rxc1 24. Rxc1 Qd6 25. g3 Rd8 26. Qc5 Qxc5 27.
Rxc5 Kf8 28. Kg2 Ke8 29. Rc7 b5 30. Rc6 Rd6 31. Rxd6 exd6 1/2-1/2

[Event "45th Rilton Cup 2015-16"]
[Site "Stockholm SWE"]
[Date "2015.12.27"]
[Round "1.45"]
[White "Koykka, Pekka"]
[Black "Darnell, Anton"]
[Result "1-0"]
[WhiteTitle "FM"]
[WhiteElo "2326"]
[BlackElo "1979"]
[WhiteFideId "504319"]
[BlackFideId "1720244"]
[EventDate "2015.12.27"]

1. e4 e5 2. Bc4 Nf6 3. d3 Nc6 4. Nf3 Be7 5. Bb3 d6 6. c3 O-O 7. Nbd2 d5 8. O-O
Re8 9. Re1 Bf8 10. h3 h6 11. exd5 Nxd5 12. d4 Nf4 13. Nc4 Ng6 14. Ncxe5 Ncxe5
15. Nxe5 Nxe5 16. Rxe5 Rxe5 17. dxe5 Qxd1+ 18. Bxd1 Bc5 19. Bf3 c6 20. h4 Be6
21. Bf4 Rd8 22. b3 Kf8 23. Rd1 Rxd1+ 24. Bxd1 Ke7 25. Bc2 b5 26. Kf1 a5 27. Ke2
Bb6 28. Be3 Bxe3 29. Kxe3 c5 30. a3 Bd5 31. g3 Ke6 32. f4 g5 33. b4 axb4 34.
axb4 cxb4 35. cxb4 gxh4 36. gxh4 Bc4 37. Kd4 1-0

[Event "45th Rilton Cup 2015-16"]
[Site "Stockholm SWE"]
[Date "2015.12.27"]
[Round "1.46"]
[White "Petersson, Baldur Teodor"]
[Black "Radionov, Timur"]
[Result "0-1"]
[BlackTitle "FM"]
[WhiteElo "1870"]
[BlackElo "2321"]
[WhiteFideId "2309157"]
[BlackFideId "34178772"]
[EventDate "2015.12.27"]

1. e4 e5 2. Nf3 Nc6 3. Bc4 Bc5 4. c3 Nf6 5. d4 exd4 6. cxd4 Bb4+ 7. Nc3 Nxe4 8.
O-O Bxc3 9. d5 Bf6 10. Re1 Ne7 11. Rxe4 d6 12. Bg5 Bxg5 13. Nxg5 h6 14. Qe2 hxg5
15. Re1 Be6 16. dxe6 f6 17. Re3 c6 18. Rh3 Rxh3 19. gxh3 g6 20. Bd3 Qa5 21. a3
O-O-O 22. Qd1 Rh8 23. Re3 Qc5 24. b4 Qd4 25. b5 c5 26. Qb3 Rh4 27. b6 Qa4 28.
bxa7 Qxa7 29. Qb5 Qa4 30. Qb6 Qc6 31. Qb2 Rd4 32. f3 Qd5 33. Qb5 Qc6 34. Qb2 Kc7
35. Bb5 Qd5 36. Qc3 Rd1+ 37. Bf1 Qd4 38. Qxd4 Rxd4 39. Kf2 Rd2+ 40. Be2 d5 41.
Ke1 Rb2 0-1